Katani's Jamaican holiday

Bibliographic Details
Main Author: Bryant, Annie
Format: Book
Published: New York : Aladdin Mix , 2008
Series:Beacon street girls
Subjects:

MARC

LEADER 00000cam a2200000 7i4500
001 0000123731
005 20080903.0
020 |a 1416964436 
090 0 0 |a F   |b BRY 
100 1 |a Bryant, Annie 
245 1 0 |a Katani's Jamaican holiday   |c Annie Bryant 
260 |a New York :   |b Aladdin Mix ,   |c 2008 
300 |a 176p. ;   |c 21cm. 
490 0 |a Beacon street girls 
650 0 0 |a Fiction 
999 |a 00218994   |b BUKU   |c PINJAMAN   |e PERPUSTAKAAN KOMUNITI PETALING JAYA